000 00477nam a2200133 a 4500
008 120416s1991 ||||||||||||||||| || u
050 _aTA 330 Mon
100 _aMonaco, Fred R
245 1 0 _aEssential mathematics for electronics technicians
260 _aNew York
_bMerrill
_c1991
300 _axiv, 481p. : ill.
350 _a0.00
995 _D0.00
_FCBU-MAIN LIBRARY (Kitwe)
_H1
_I35.95
_UDAMAGED
_ZMain Library Open Access Collection
999 _c42391
_d42391